000
00271nam a2200109Ia 4500
008
190913s9999||||xx |||||||||||||| ||und||
100
_a
Nigel Crook
245
0
_a
Principles of Population and Development
260
_a
Karachi
_b
Oxford
_c
1797
300
_a
535
942
_c
BK
999
_c
8163
_d
8163